| 000 | 01919nam a22003017a 4500 | ||
|---|---|---|---|
| 003 | DO-SdBNP | ||
| 005 | 20250702092439.0 | ||
| 007 | ta | ||
| 008 | 250701b2021 dr c|||| |||| 00| 0 spa d | ||
| 020 | _a9789945099867 | ||
| 040 |
_aDO-SdBNP _bspa _cBNPHU _erda |
||
| 041 | _hspa | ||
| 082 |
_aRD 861.08 _bT147a _222 |
||
| 110 | 1 |
_aTaller Literario Carmen Natalia Bonilla _987011 |
|
| 245 | 1 | 0 |
_aAntología poetas petromacorisanas / _cTaller Literario Carmen Natalia Bonilla ; prólogo, Carlos Segovia Monti ; compilación, Ana Teresa Martínez, Aurelia Castillo |
| 264 | 1 |
_aSan Pedro de Macorís : _bCoalición Cultural Literaria de San Pedro de Macorís, _c2012. |
|
| 300 |
_a186 páginas : _bretratos _c21 cm. |
||
| 336 |
_atexto _btxt _2rdacontent |
||
| 337 |
_asin mediación _bn _2rdamedia |
||
| 338 |
_avolumen _bnc _2rdacarrier |
||
| 505 |
_tPalabras de Ana Gross -- _tPalabras de Aurelia Castillo -- _tPalabras de Juan Galván -- _tPrólogo -- _gAmanda Teresa Beltré Reinoso -- _gAmantina Nolasco _gAna del Carmen Grosss _gAna Teresa Martínez -- _gAurelia Castillo -- _gFlor A. Jiménez Báez -- _gFrancisco Aurora Ramírez de la Cruz -- _gLisandra Mariñez -- _gLissette Santana -- _gMaría Farazdel -- _gMargarita Ozuna -- _gMaritza Pérez -- _gRamonita Trinidad -- _gOdalís María Cedeño de Jesús -- _gTeresa Ortiz de Machuca -- _gLiliana Rafaelina Cena Medina -- _gYelaina García -- _gYris Medina Madrigal -- _gJudith Alayón -- _gNurqui Tamara Nurse Alayón / _tPoetas Extintas -- _gCarmen Natalia Martínez Bonilla -- _gHortensia Caldente y Ordoñez -- _gInés Díaz Soñé -- _gGladys Barros -- _gLudin lugo / _tBIBLIOGRAFÍA / |
||
| 590 | _aInventariado, 2025/ YL | ||
| 700 | 1 |
_aSegovia Monti, Carlos _eprólogo _4pr. _988230 |
|
| 700 | 1 |
_aMartínez, Ana Teresa _e compilación _4co. _914868 |
|
| 700 | 1 |
_aCastillo, Aurelia _e compilación, _4co. _976355 |
|
| 910 | _aYLockward | ||
| 942 |
_2ddc _cLBS1 |
||
| 999 |
_c58166 _d58166 |
||